000 00457nam a22001817a 4500
005 20250613090718.0
008 250613b |||||||| |||| 00| 0 eng d
020 _a9781843549246
_qpbk
041 _aeng
082 _a823.92 FOX
100 _aFoxlee Karen
245 _aThe Anatomy Of Wing
_c/ Karen Foxlee
250 _a1st ed
260 _aLondon
_bAtlantic Books
_c2007
300 _a282p. :
_c22cm
650 _aenglish fiction
942 _cENGLISH
999 _c572185
_d572185